000 00347nam a22001337a 4500
008 170615b xxu||||| |||| 00| 0 eng d
020 _a0879677600
041 _aeng
080 _a323
100 _a19
101 _aSHP
245 _aTAKING SIDES CLACHUNG WIEWS ON CONTROVERSIAL ISSUES IN WORLD POLITICS
_cROURKE.J.T
942 _2udc
_cBK
999 _c17460
_d17460